Modulárna syntéza reči

Saved in:
Bibliographic Details
Main Author: Schwandtner, Boris (Author)
Other Authors: Rybárová, Renata (Thesis advisor)
Format: Manuscript Book
Language:Slovak
Published: 2017
Subjects:
Online Access:http://is.stuba.sk/zp/portal_zp.pl?podrobnosti=96943
Tags: Add Tag
No Tags, Be the first to tag this record!

MARC

LEADER 00000ntm a22000003a 4500
001 stuzp56617
003 SK-STU
005 20170728094834.5
007 ta
008 150427s2015----xo-----f-mn---000-0-slo-d
040 |a STU  |b slo 
041 0 |a slo 
044 |a xo 
100 1 |a Schwandtner, Boris  |u 035000  |k Z4  |4 aut  |U FEI Fakulta elektrotechniky a informatiky  |T FEI Ústav informatiky a matematiky  |X 48061  |U E050  |Y 816  |7 48061 
242 0 1 |a Modular speech synthesis  |y eng 
245 1 0 |a Modulárna syntéza reči 
260 |c 2017 
300 |a 29 s.,  |b CD-ROM 
650 4 |a modulárny syntetizátor  |2 slo 
650 4 |a SAMPA  |2 slo 
650 4 |a syntéza reči  |2 slo 
650 4 |a difónová syntéza  |2 slo 
650 4 |a diphone synthesis  |2 eng 
650 4 |a speech synthesis  |2 eng 
650 4 |a modular synthesizer  |2 eng 
650 4 |a SAMPA  |2 eng 
700 1 |a Rybárová, Renata  |4 ths  |X 24508  |7 A000024508 
856 4 |u http://is.stuba.sk/zp/portal_zp.pl?podrobnosti=96943 
996 |b 284ER02507  |c E*Bc- 2507  |l EE35  |s P  |a 0  |w stuzp56617_0001